Pacto ético político : por la dignificación de la política y el gobierno en Jalisco /

Kaydedildi:
Detaylı Bibliyografya
Materyal Türü: Kitap
Dil:İspanyolca
Baskı/Yayın Bilgisi: Guadalajara, México : Pacto Etico-Político, 2000
Konular:
Etiketler: Etiketle
Etiket eklenmemiş, İlk siz ekleyin!

MARC

LEADER 00000nam^a2200000^a^4500
001 000399888
005 20250526000000.0
009 20260310121603.99
037 |a Acervo ITESO - Biblioteca 
041 |a ESP 
082 |a 320. 972350640  |b PAC 
245 0 0 |a Pacto ético político :  |b por la dignificación de la política y el gobierno en Jalisco / 
264 1 |a Guadalajara, México :  |b Pacto Etico-Político,  |c 2000 
300 |a 8 p. ;  |c 28.0 cm. 
336 |a texto  |b txt  |2 rdacontenido 
337 |a sin mediación  |b n  |2 rdamedio 
338 |a volumen  |b nc  |2 rdasoporte 
649 |a XX 
650 |a Sociedad Civil -  |z Jalisco -  |x Condiciones Políticas 
650 |a Elecciones -  |z Jalisco -  |x Historia -  |y 1994-2000 -  |x Tema Principal 
650 |a Elecciones -  |z México -  |x Historia -  |y 1994-2000 
650 |a Etica Política -  |z Jalisco -  |x Tema Principal 
650 |a Etica Política -  |z México 
650 |a Política -  |z Jalisco -  |x Historia -  |y 1994-2000 
650 |a Política -  |z México -  |x Historia -  |y 1994-2000 
650 |a Jalisco -  |x Condiciones Políticas 
650 |a México -  |x Condiciones Políticas 
910 |a Fondo Carlos Núñez Hurtado 
920 |a Impresos - Libros 
930 |a Libros Antiguos y Raros 
905 |a 108 
901 |a 0500295333  |b IT2  |c LRA  |i d81067  |u 20250526 
902 |a https://opac.biblio.iteso.mx/vufind/Record/000399888